| 000 | 00350 a2200145 4500 | ||
|---|---|---|---|
| 001 | 156057 | ||
| 040 | _cEscola São Tomás de Aquino | ||
| 100 | _aBANDEIRA, Pedro | ||
| 240 | 1 | 0 |
_aAlice nos país da mentira. _lpor |
| 245 | 1 | 0 | _aAlice nos país da mentira. |
| 300 | _a112 | ||
| 362 | 0 | _a2016 | |
| 697 | _a*LITERATURA INFANTO JUVENIL | ||
| 942 | _cBK | ||
| 999 |
_c156057 _d156057 |
||